MARC

LEADER 00000nam0a2200000 4500
001 328886
005 20231102004115.0
035 |a (RuTPU)RU\TPU\book\354615 
035 |a RU\TPU\book\354614 
090 |a 328886 
100 |a 20170227d1979 k y0rusy50 ca 
101 0 |a rus 
102 |a RU 
105 |a a z 001zy 
200 1 |a Модели управления и их реализация в АСУ  |e сборник трудов  |f Академия наук СССР (АН СССР), Институт проблем управления им. В. А. Трапезникова (ИПУ) ; под ред. И. М. Макарова ; О. И. Авена 
210 |a Москва  |c Изд-во ИПУ  |d 1979 
215 |a 147 с.  |c ил. 
225 1 |a Сборник трудов  |v Вып. 20 
320 |a Библиография в конце статей 
606 1 |a Автоматизированные системы планирования и управления  |x Математическое обеспечение  |x Надежность  |2 stltpush  |3 (RuTPU)RU\TPU\subj\38179  |9 58835 
610 1 |a контейнерные перевозки 
610 1 |a диалог 
610 1 |a обработка данных 
610 1 |a модели 
610 1 |a планирование 
610 1 |a проектирование 
610 1 |a сложные технические системы 
675 |a 658.012.011.56:681.3.06  |v 3 
702 1 |a Макаров  |b И. М.  |4 340 
702 1 |a Авен  |b О. И.  |4 340 
712 0 2 |a Академия наук СССР (АН СССР)  |b Институт проблем управления им. В. А. Трапезникова (ИПУ)  |c (Москва)  |2 stltpush  |3 (RuTPU)RU\TPU\col\6782 
801 1 |a RU  |b 63413507  |c 20140603 
801 2 |a RU  |b 63413507  |c 20170313  |g RCR 
942 |c BK